MARC

LEADER 00000nam0a2200000 4500
001 284259
005 20231101235658.0
020 |a RU  |b 85-31000 
035 |a (RuTPU)RU\TPU\book\308410 
090 |a 284259 
100 |a 20150213d1985 k y0rusy5003 ca 
101 0 |a rus 
102 |a RU 
105 |a y z 000zy 
200 1 |a Короткопериодные сейсмические волновые поля  |f Ю. Ф. Копничев  |g Академия наук СССР (АН СССР), Институт физики Земли им. О. Ю. Шмидта (ИФЗ) ; отв. ред. А. В. Николаев 
210 |a Москва  |c Наука  |d 1985 
215 |a 176 с.  |c граф.  |d 21 см 
606 1 |a Сейсмические волны  |2 stltpush  |3 (RuTPU)RU\TPU\subj\54347  |9 72504 
610 1 |a землетрясения 
610 1 |a волновые поля 
610 1 |a телесейсмические данные 
610 1 |a среда 
610 1 |a статистические модели 
610 1 |a коды 
610 1 |a поглощающие среды 
610 1 |a рассеивающие среды 
610 1 |a сильные движения 
610 1 |a монографии 
675 |a 550.344  |z rus  |v 4 
700 1 |a Копничев  |b Ю. Ф.  |g Юрий Федорович 
702 1 |a Николаев  |b А. В.  |4 340 
712 0 2 |a Академия наук СССР (АН СССР)  |b Институт физики Земли им. О. Ю. Шмидта (ИФЗ)  |c (Москва)  |c (1956-1991)  |2 stltpush  |3 (RuTPU)RU\TPU\col\209 
801 0 |a RU  |b RuMRKP  |c 19950704  |g psbo 
801 1 |a RU  |b 63413507  |c 20150213 
801 2 |a RU  |b 63413507  |c 20180220  |g RCR 
942 |c BK